Tarikh-E-Ikhlaqiat. (Record no. 2911)

MARC details
000 -LEADER
fixed length control field 00537nam a2200229 a 4500
020 ## - INTERNATIONAL STANDARD BOOK NUMBER
ISBN
082 00 - DEWEY DECIMAL CLASSIFICATION NUMBER
Classification number 170
Author Cutter SID1
100 ## - MAIN ENTRY--AUTHOR NAME
Author name Sidgwick, Henry
245 ## - TITLE STATEMENT
Title Tarikh-E-Ikhlaqiat.
260 ## - PUBLICATION, DISTRIBUTION, ETC. (IMPRINT)
Place of publication Hyderabad
Name of publisher Jame Usmania Sarkar-E-Aali
Year of publication 1935
300 ## - PHYSICAL DESCRIPTION
Number of Pages 270p
500 ## - GENERAL NOTE
General note includes index and biblioraphy
505 2# - FORMATTED CONTENTS NOTE
Formatted contents note Archives
650 ## - SUBJECT ADDED ENTRY--TOPICAL TERM
Topical Term Ethics
942 ## - ADDED ENTRY ELEMENTS (KOHA)
Koha item type Books
Holdings
Home library Current library Date acquired Cost, normal purchase price Full call number Accession Number Koha item type
Henry Martyn Institute Library Henry Martyn Institute Library 03/15/2007 100.00 170 SID1 4090 Archive Book
                   Copyright © 2026 | Henry Martyn Institute | Hyderabad | TS-500052 | INDIA | Implemented by hmi.edu.in
Hit-Count:

Powered by Koha